Bức tranh tiểu thuyết

保存先:
書誌詳細
第一著者: Đanhin Granhin
その他の著者: Vũ Ngọc H (dịch), Phan Hồng Giang (dịch)
フォーマット: 図書
言語:Vietnamese
出版事項: Maxcơva NXB Cầu Vồng 1986
主題:
タグ: タグ追加
タグなし, このレコードへの初めてのタグを付けませんか!
Thư viện lưu trữ: Mạng thư viện Đại học Đà Nẵng
LEADER 01155nam a2200349 4500
001 000005392
003 1536
005 20120411090411.0
008 110816s1986 viesd
020 |c 25000 đ 
041 0 |a vie 
082 |a 891.7  |b GR-Đ 
100 0 |a Đanhin Granhin 
245 0 |a Bức tranh  |b tiểu thuyết  |c Vũ Ngọc Hà, Phan Hồng Giang dịch 
260 |a Maxcơva  |b NXB Cầu Vồng  |c 1986 
300 |b 19.5 cm  |c 19.5 cm 
500 |a In theo bản dịch của NXB Tác phẩm mới, Hà Nội 
653 |a Văn học Nga 
653 |a tiểu thuyết 
700 |a Vũ Ngọc Hà  |e dịch 
700 |a Phan Hồng Giang  |e dịch 
910 |a Minh  |d 16/08/2011 
OWN |a LSP 
AVA |a UDN50  |b LSP  |d 891.7 GR-Đ  |e available  |t Error 5001 Not defined in file expand_doc_bib_avail.  |f 1  |g 0  |h N  |i 0  |k 1 
999 |a From the UDN01 
AVA |a UDN50  |b LSP  |d 891.7 GR-Đ  |e available  |t Error 5001 Not defined in file expand_doc_bib_avail.  |f 1  |g 0  |h N  |i 0  |k 1 
TYP |a Monograph 
TYP |a Printed language 
980 |a Mạng thư viện Đại học Đà Nẵng